| 000 | 00898nac a22002171u 4500 | ||
|---|---|---|---|
| 020 | _a9781859648148 : | ||
| 082 |
_a428.24 _bPHI |
||
| 090 |
_c5211 _d5211 |
||
| 100 | _aPhillips, Terry | ||
| 245 |
_a Starting Skills in English:CD/ _bListening & Speaking/ _cTerry Phillips _npart B |
||
| 260 |
_aLondon: _bGarnet Education,2005. _cc2005. |
||
| 500 | _aAudiovisuals | ||
| 500 | _aDistributer: Bacca | ||
| 511 | _aCatalogued by: Sara | ||
| 650 |
_aEnglish language _vTextbooks for foreign speakers |
||
| 650 |
_aEnglish language _vProblems, exercises, etc. _xGrammar |
||
| 650 |
_aEnglish language _xstudy and teaching for foreign speakers |
||
| 942 |
_cCDR _k428.24PHI |
||
| 999 |
_c5211 _d5211 |
||